000
00307nam a2200133Ia 4500
008
240624s9999 xx 000 0 und d
041
_a
eng
082
_a
823 CRE
100
_a
CREWE ELIZA
245
_a
CRUSHED
260
_c
2014
_a
New Delhi
_b
Penguin India
300
_a
361p. : cm. ; 19
365
_c
RS
_b
25
999
_c
23824
_d
23824